| 000 | 00486nam a22001575i 4500 | ||
|---|---|---|---|
| 001 | 170922 | ||
| 003 | ES-MaACL | ||
| 005 | 20230906214511.0 | ||
| 008 | 141024s2010 sp |||| | spa d | ||
| 100 | 1 |
_aLluís y Navas, Jaime. _972976 |
|
| 245 | 1 | 4 |
_aLos trabajadores alemanes ante la cogestión / _cJaime Lluís y Navas. |
| 260 |
_aBarcelona : _b[s.n.], _c2010. |
||
| 300 |
_a13 p. ; _c21 cm. |
||
| 650 |
_aParticipación de los trabajadores. _915852 |
||
| 852 | 4 |
_aES-MaACL _j1763-F-19 |
|
| 999 |
_c170922 _d170922 |
||